Bić sie̢ do końca
| Titel: | Bić sie̢ do końca : podziemie niepodległościowe w regionie radomskim w latach 1945 - 1950 / Krzysztof Busse, Arkadiusz Kutkowski |
|---|---|
| Beteiligt: | ; |
| Veröffentlicht: | Lublin [u.a.] : Instytut Pamie̢ci Narodowej - Komisja Ścigania Zbrodni przeciwko Narodowi Polskiemu, Oddział, 2012 |
| Umfang: | 198, [19] S. : überw. Ill., Kt. ; 34 cm |
| Format: | Buch |
| Sprache: | Polnisch |
| ISBN: | 8376293818 ; 9788376293813 |
| Hinweise zum Inhalt: |
Inhaltsverzeichnis
|
alg: 32043297
001A $03004:11-04-13
001B $01999:09-06-23 $t20:40:47.000
001C $03004:23-07-13 $t13:19:21.000
001D $03004:23-07-13
001U $0utf8
001X $00
002@ $0Aau
003@ $0320432971
004A $083-7629-381-8
004A $A978-83-7629-381-3
006L $0BV040882727 $2BVB
007A $0BV040882727 $aBVB
009P $qapplication/pdf $A2 $3Inhaltsverzeichnis $uhttp://scans.hebis.de/HEBCGI/show.pl?32043297_toc.pdf $mV:DE-604
010@ $apol
011@ $a2012 $n2012
021A $aBić sie̢ do końca $dpodziemie niepodległościowe w regionie radomskim w latach 1945 - 1950 $hKrzysztof Busse, Arkadiusz Kutkowski
028C $7 $8Busse, Krzysztof [Tn3] $9326120742
028C/01 $7 $8Kutkowski, Arkadiusz [Tnu] $9326120750
033A $pLublin {[u.a.] $nInstytut Pamie̢ci Narodowej - Komisja Ścigania Zbrodni przeciwko Narodowi Polskiemu, Oddział
034D $a198, [19] S.
034I $a34 cm
034M $aüberw. Ill., Kt.
044K $74458763-6 $8Radom$zRegion [Tg1] $9088897664
044K $RPolitische Bewegung $RSoziale Bewegung $#Underground movements, War $#Mouvements de résistance $74186983-7 $8Untergrundbewegung [Ts1] $9085915351
045F $a351.09 $eDDC23BSB
045F/01 $a351.09
045F/03 $g438
045G $a909 $eDDC23BSB
045G/01 $a909
045G/03 $f0904
045G/03 $g438
045R $aGeschichte 1945-1950
046M $aLiteraturverz. S. 188 - 189
lok: 32043297 24
101B $025-09-13 $t14:36:54.000
101C $025-09-13
101U $0utf8
145Z/01 $a36 8 R 10
145Z/02 $a36 14 D
145Z/03 $a36 7 Od
exp: 32043297 24 1 #EPN
201B/01 $025-09-13 $t14:35:52.000
201C/01 $011-04-13
201U/01 $0utf8
203@/01 $0673320618
208@/01 $a23-07-13 $bz
209A/01 $a2° - 13.04835 $du $f050 $h13 04835 $x00
209C/01 $a13.04835 K $h13 04835 K
209G/01 $a73227135 $x00
209G/01 $aGroßformat $x01
220C/01 $anie
247C/01 $8358050-7 Marburg, Bibliothek des Herder-Instituts Marburg $9102600961
lok: 32043297 78
exp: 32043297 78 1 #EPN
201B/01 $018-05-21 $t16:15:29.000
201C/01 $018-05-21
201U/01 $0utf8
203@/01 $01153834677
208@/01 $a18-05-21 $be
209A/01 $a/ $f000 $x00
209A/01 $ab*p $x01
220C/01 $apgar
244Z/01 $#Generalgouvernement Polen $#Polska $#Rzeczpospolita Polska $#Polska Rzeczpospolita Ludowa $#Poland $#Pologne $#République Polonaise $#Generalne Gubernatorstwo w Polsce $#Polish People's Republic $#Polska Rzeczpospolita Polen $#PRL $#RP $#Polen Generalgouvernement $#Polska Generalgouvernement $#Besetzte Polnische Gebiete $#Besetztes Gebiet in Polen $#Okupowane Polskie Obszary $#Obszary Okupowane w Polsce $#Volksrepublik Polen $#Polska Rosyjska $#Republic Polen $#Respublika Pol'ša $#Pol'skaja Narodnaja Respublika $#République de Pologne $#Polen Links der Weichsel $#Polska po Lewej Stronie Wisły $#Lenkija $#Polija $#Gubernija Carstva Pol'skago $#Republik Polen $74046496-9 $8--Tg1--Polen $x01 $9085129801
247C/01 $82080>Marburg/Lahn, Herder-Institut, Forschungsbibliothek, Bibliographieportal $9336309341
| LEADER | 00000cam a2200000 c 4500 | ||
|---|---|---|---|
| 001 | 320432971 | ||
| 003 | DE-603 | ||
| 005 | 20230609204047.0 | ||
| 007 | tu | ||
| 008 | 130411s2012 xx |||| | u00||u|pol c | ||
| 020 | |a 8376293818 | ||
| 020 | |a 9788376293813 | ||
| 035 | |a (DE-599)BVBBV040882727 | ||
| 035 | |a (DE-604)BV040882727 | ||
| 040 | |a DE-603 |b ger |c DE-603 |d DE-603 | ||
| 041 | |a pol | ||
| 082 | 0 | 4 | |8 1\u |a 351.09 |q DE-101 |2 23/BSB |
| 083 | 0 | |8 2\u |a 909 |q DE-101 |2 23/BSB | |
| 085 | |8 1\u |b 351.09 | ||
| 085 | |8 1\u |z 2 |s 438 | ||
| 085 | |8 2\u |b 909 | ||
| 085 | |8 2\u |z 1 |s 0904 | ||
| 085 | |8 2\u |z 2 |s 438 | ||
| 245 | 0 | 0 | |a Bić sie̢ do końca |b podziemie niepodległościowe w regionie radomskim w latach 1945 - 1950 |c Krzysztof Busse, Arkadiusz Kutkowski |
| 264 | 1 | |a Lublin [u.a.] |b Instytut Pamie̢ci Narodowej - Komisja Ścigania Zbrodni przeciwko Narodowi Polskiemu, Oddział |c 2012 | |
| 300 | |a 198, [19] S. |b überw. Ill., Kt. |c 34 cm | ||
| 504 | |a Literaturverz. S. 188 - 189 | ||
| 648 | 7 | |a Geschichte 1945-1950 |2 gnd | |
| 650 | 7 | |a Untergrundbewegung |0 (DE-588)4186983-7 |0 (DE-603)085915351 |2 gnd | |
| 651 | 7 | |a Radom |0 (DE-588)4458763-6 |0 (DE-603)088897664 |2 gnd | |
| 700 | 1 | |a Busse, Krzysztof |0 (DE-603)326120742 | |
| 700 | 1 | |a Kutkowski, Arkadiusz |0 (DE-603)326120750 | |
| 856 | 4 | 2 | |m V:DE-604 |q application/pdf |u http://scans.hebis.de/HEBCGI/show.pl?32043297_toc.pdf |3 Inhaltsverzeichnis |
| 924 | 0 | |9 Mb 50 |a (DE-603)673320618 |b DE-Mb50 |c HES |d c |g 2° - 13.04835 |h Großformat | |
| 924 | 0 | |9 2080 |a (DE-603)1153834677 |b DE-2080 |c HES |d d |g / | |


